00974nam a2200289Ia 450000500170000000800410001702000180005810000330007624500920010925000180020130000250021949000140024450000550025853400160031365000370032965000410036665000340040770000460044194200150048726400320050233600270053433700330056133800280059404000350062208400120065799900150066920220317001452.0161108s2008 sp g 000 f s  a97884983800021 aMárai, Sándord1900-198910aTierra, tierra!cSándor Márai ; trraducción del húngaro de Judit Xantus Szarvas a5a. edición a446 páginasc22 cm aNarrativa aIncluye datos biográficos del autor en la solapa tFold, fold!142LEMBaNovela húngaraySiglo XX142LEMBaLiteratura húngaraySiglo XX142LEMBaExilio en la literatura1 aXantus Szarvas, Judithetraductora919389 2loccBKLIT aBarcelonabSalamandrac2008 atextobtxt2rdacontent asin mediaciónbn2rdamedia avolumenbnc2rdacarrier aCO-BoRNBPbspaerdacCO-BoRNBP aN MAR19 c7069d7069